[Event "World Rapid 2022"]
[Site "Almaty KAZ"]
[Date "2022.12.27"]
[Round "6.70"]
[White "Ghasi, Ameet K"]
[Black "Zverev, Lev"]
[Result "0-1"]
[WhiteTitle "IM"]
[BlackTitle "FM"]
[WhiteElo "2471"]
[BlackElo "2310"]
[WhiteFideId "409200"]
[BlackFideId "24250775"]
[EventDate "2022.12.26"]

1. Nf3 Nf6 2. g3 c5 3. Bg2 Nc6 4. O-O e5 5. d3 d5 6. Nbd2 h6 7. e4 Be6 8. exd5
Nxd5 9. Re1 Bd6 10. Nc4 Qc7 11. Nxd6+ Qxd6 12. Nxe5 Nxe5 13. f4 Nc6 14. f5 O-O
15. fxe6 fxe6 16. c3 Kh8 17. Qe2 Rae8 18. Bd2 e5 19. Rf1 Nf6 20. Be3 b6 21. Rad1
Qe6 22. Bc1 Nd8 23. a3 Nf7 24. Rde1 Nd6 25. Rf3 c4 26. dxc4 Nxc4 27. Rd3 Nd6 28.
Rdd1 a5 29. a4 e4 30. Bf4 Nb7 31. Qb5 Nc5 32. b4 axb4 33. cxb4 Ncd7 34. a5 bxa5
35. bxa5 Qa2 36. Rd2 Qa3 37. a6 Qc3 38. Rde2 Ne5 39. Kh1 Nd3 40. Bd2 Qd4 41. Be3
Qc3 42. Bd2 Qa3 43. Rf1 Ng4 44. Rxf8+ Rxf8 45. Qb1 Qxa6 46. Bf1 Qf6 47. Bg2
Ndf2+ 48. Kg1 Qd4 49. h3 Nxh3+ 50. Kh1 Nhf2+ 51. Kg1 Nd3+ 52. Kh1 Qc5 53. Bxe4
Qh5+ 54. Kg1 Ndf2 55. Bf4 Nxe4 56. Qxe4 Rd8 57. Qc2 Ra8 58. Qc6 Rd8 59. Qc2 Qd5
60. Rd2 Qa8 61. Rxd8+ Qxd8 62. Qe2 h5 63. Qc2 Qd4+ 64. Kg2 Qd5+ 65. Kg1 Qb7 66.
Qd3 Qb6+ 0-1

[Event "World Rapid 2022"]
[Site "Almaty KAZ"]
[Date "2022.12.27"]
[Round "6.71"]
[White "Narayanan, Srinath"]
[Black "Khripachenko, Alexander"]
[Result "1/2-1/2"]
[WhiteTitle "GM"]
[BlackTitle "FM"]
[WhiteElo "2559"]
[BlackElo "2219"]
[WhiteFideId "5018420"]
[BlackFideId "54184975"]
[EventDate "2022.12.26"]

1. Nf3 d5 2. d4 Nf6 3. Bf4 Bf5 4. e3 e6 5. Nbd2 Bd6 6. Ne5 Nc6 7. Bb5 Bxe5 8.
Bxc6+ bxc6 9. Bxe5 O-O 10. b4 a5 11. c3 Ne4 12. Nxe4 Bxe4 13. O-O f6 14. Bg3 Qe7
15. a3 Ra6 16. f3 Bg6 17. Qe1 Rfa8 18. Rc1 axb4 19. axb4 Bd3 20. Rf2 Bc4 21. e4
Qd7 22. h3 Ra3 23. Qe3 Rb3 24. Rfc2 Raa3 25. Qd2 Ra7 26. Ra2 Rba3 27. Rxa3 Rxa3
28. Qe1 h6 29. Bf4 Kh7 30. Qg3 Bd3 31. Qe1 Ra2 32. Qe3 Bc4 33. Re1 Qf7 34. Bg3
Rc2 35. exd5 exd5 36. Kh2 Qg6 37. Rc1 Rb2 38. Qf4 Qd3 39. h4 Re2 40. h5 Re7 41.
Qg4 Bb3 42. Ra1 Bc2 43. Ra8 Qf5 44. Qxf5+ Bxf5 45. Ra6 Re6 46. Bxc7 Bd3 47. Ra3
Re2 48. Bg3 Rc2 49. Kg1 Rc1+ 50. Kf2 Rc2+ 51. Kg1 Rc1+ 1/2-1/2

[Event "World Rapid 2022"]
[Site "Almaty KAZ"]
[Date "2022.12.27"]
[Round "6.72"]
[White "Madaminov, Mukhiddin"]
[Black "Svane, Frederik"]
[Result "1-0"]
[WhiteTitle "IM"]
[BlackTitle "GM"]
[WhiteElo "2438"]
[BlackElo "2568"]
[WhiteFideId "14210703"]
[BlackFideId "12923044"]
[EventDate "2022.12.26"]

1. d4 Nf6 2. c4 e6 3. Nc3 Bb4 4. e3 O-O 5. Bd3 d5 6. Nf3 dxc4 7. Bxc4 c5 8. O-O
cxd4 9. exd4 b6 10. Bg5 Bb7 11. Qe2 Nbd7 12. Rfd1 Bxc3 13. bxc3 Qc7 14. Rac1 Ng4
15. d5 Rac8 16. Rd4 exd5 17. Rxg4 Rfe8 18. Qd1 dxc4 19. Qd4 f6 20. Bh6 Re7 21.
Rd1 Bxf3 22. gxf3 Ne5 23. Qd5+ Kh8 24. Bf4 Rd7 25. Qxd7 Qxd7 26. Rxd7 Nxd7 27.
Bd6 Ne5 28. Bxe5 fxe5 29. Re4 Kg8 30. Rxe5 Kf7 31. Kg2 Re8 32. Rd5 Kf6 33. Rd4
b5 34. a4 a6 35. f4 Re2 36. Rd6+ Re6 37. Rd5 Rb6 38. axb5 Rxb5 39. Rd4 Ke6 40.
Rxc4 Kd6 41. Rc8 a5 42. Ra8 Kd5 43. Ra7 g6 44. Rxh7 Kc4 45. Rc7+ Rc5 46. Rxc5+
Kxc5 47. f5 gxf5 48. h4 Kd6 49. h5 Ke7 50. h6 Kf7 51. c4 a4 52. c5 a3 53. h7 Kg7
54. h8=Q+ Kxh8 55. c6 a2 56. c7 a1=Q 57. c8=Q+ Kg7 58. Qxf5 Qa8+ 59. Kg3 Qa3+
60. Kg4 Qa1 61. Qd7+ Kf6 62. Qd6+ Kf7 63. Qf4+ Kg6 64. Qe4+ Kf6 65. Qf4+ Kg6 66.
Qd6+ Kf7 67. Qc7+ Kf6 68. Qb6+ Kf7 69. Qb3+ Kf6 70. Qf3+ Kg7 71. Qg3 Kf6 72.
Qh4+ Kg6 73. Qg5+ Kf7 74. Qd5+ Kf6 75. Qd8+ Kf7 76. Qc7+ Kf6 77. Qf4+ Kg6 78.
Qe4+ Kf6 79. Qc6+ Kf7 80. Kf4 Qd4+ 81. Kf3 Qd3+ 82. Kg4 Qf1 83. Qd5+ Kf6 84.
Qd6+ Kf7 85. Qf4+ Kg6 86. Qf5+ Kg7 87. Qe5+ Kf7 88. Qc7+ Kf6 89. Qc3+ Kg6 90.
Qc2+ Kf6 91. Kf4 Qe1 92. Qf5+ 1-0

[Event "World Rapid 2022"]
[Site "Almaty KAZ"]
[Date "2022.12.27"]
[Round "6.73"]
[White "Hambleton, Aman"]
[Black "Kazakov, Konstantin"]
[Result "1-0"]
[WhiteTitle "GM"]
[BlackTitle "IM"]
[WhiteElo "2437"]
[BlackElo "2385"]
[WhiteFideId "2606577"]
[BlackFideId "13700898"]
[EventDate "2022.12.26"]

1. d4 Nf6 2. c4 b6 3. f3 Nc6 4. d5 Ne5 5. e4 e6 6. Be3 Bc5 7. Bxc5 bxc5 8. Nh3
O-O 9. Nc3 d6 10. Nf2 Rb8 11. Qd2 Ba6 12. b3 exd5 13. exd5 Re8 14. Be2 Bxc4 15.
bxc4 Nxc4 16. Qc1 Ne3 17. g3 Ng2+ 18. Kf1 Ne3+ 19. Kg1 Nf5 20. Bd3 Nd4 21. Kg2
c6 22. dxc6 d5 23. Rb1 c4 24. Rxb8 Qxb8 25. Bc2 Nxc6 26. Ba4 Rc8 27. Bxc6 Rxc6
28. Rd1 Rd6 29. Qf4 Qd8 30. Qd4 h5 31. Nfe4 Nxe4 32. fxe4 Rb6 33. exd5 Qg5 34.
Ne4 Qg4 35. Nf2 Qd7 36. Qxc4 Rb2 37. a3 Qf5 38. Qd4 Rb3 39. Rd3 Rb1 40. d6 Qd7
41. h4 Re1 42. Qd5 Re6 43. Ne4 Rg6 44. Qa8+ Kh7 45. Ng5+ Rxg5 46. hxg5 Qg4 47.
Qf3 1-0

[Event "World Rapid 2022"]
[Site "Almaty KAZ"]
[Date "2022.12.27"]
[Round "6.74"]
[White "Harutyunyan, Tigran K."]
[Black "Sapenov, Daniyal"]
[Result "0-1"]
[WhiteTitle "GM"]
[BlackTitle "FM"]
[WhiteElo "2511"]
[BlackElo "2323"]
[WhiteFideId "13303635"]
[BlackFideId "13728911"]
[EventDate "2022.12.26"]

1. Nf3 d5 2. g3 Nd7 3. d4 Nb6 4. Nbd2 Nf6 5. c3 Bf5 6. Nh4 Bg4 7. h3 Bh5 8. g4
Bg6 9. Bg2 e6 10. Nxg6 hxg6 11. e4 dxe4 12. g5 Nfd5 13. Nxe4 c6 14. O-O Bd6 15.
Qg4 Qc7 16. b3 Bh2+ 17. Kh1 Nf4 18. Ng3 Nxg2 19. Kxg2 Bxg3 20. fxg3 c5 21. c4
O-O 22. Bb2 Rad8 23. Rad1 Nc8 24. Qf3 cxd4 25. Bxd4 Ne7 26. g4 Nc6 27. Bb2 Rfe8
28. h4 Rxd1 29. Rxd1 e5 30. h5 Re6 31. h6 gxh6 32. gxh6 Kh7 33. g5 Qe7 34. Qg3
Nd4 35. Re1 Nf5 36. Qg4 Qb4 37. Re2 Qc5 38. Qe4 Qe7 39. Bc1 b6 40. Kh2 Qc5 41.
Qd5 Qc7 42. Qe4 b5 43. Bb2 bxc4 44. Qxc4 Qe7 45. Qg4 Qc5 46. Qe4 Qe7 47. Bc1 Nd4
48. Rf2 Nf5 49. Rc2 Qd8 50. Kh3 Nd4 51. Rf2 Nf5 52. Kh2 Qc7 53. Rc2 Qd8 54. b4
Qb6 55. a4 Re7 56. Bb2 Qe6 57. Qc4 Qd6 58. Qc5 Qd1 59. Rg2 Qh5+ 60. Kg1 Qd1+ 61.
Kh2 Qf3 62. Qf2 Qe4 63. b5 Qxa4 64. Qe2 Qf4+ 65. Kg1 Nh4 66. Rf2 Qxg5+ 67. Kh2
Nf5 68. Rf3 Qh4+ 69. Kg1 Nd4 70. Bxd4 Qxd4+ 71. Kg2 e4 72. Rf4 Qe5 73. Qe3 Qg5+
74. Kh3 Qh5+ 75. Kg3 Qxb5 76. Kh2 Qb2+ 77. Rf2 Qe5+ 78. Kg2 a5 79. Rc2 Qf5 80.
Qd4 Qe5 81. Qd8 Re8 82. Qd7 Qg5+ 83. Kh1 Qh4+ 84. Rh2 Qe7 85. Qd4 Qe5 86. Qc4
Re7 87. Rf2 e3 88. Rxf7+ Rxf7 89. Qxf7+ Kxh6 90. Qf8+ Kg5 91. Qd8+ Kf5 92. Qf8+
Ke4 93. Kg2 Qb2+ 94. Kh3 Qe5 95. Kg2 Qg5+ 96. Kh1 e2 97. Qe8+ Qe5 98. Qxg6+ Kd4
99. Qg1+ Kc4 100. Qc1+ Qc3 101. Qf4+ Kb3 102. Qf7+ Kb2 103. Qf2 Qc1+ 104. Kh2
Qd2 105. Qf6+ Kc2 106. Qf5+ Kb3 107. Qf7+ Kc2 108. Qa2+ Kd1 109. Qa1+ Qc1 110.
Qa4+ Qc2 111. Qa1+ Qc1 112. Qa4+ Kd2 113. Qf4+ Kc2 114. Qc4+ Kb2 115. Qb5+ Kc3
116. Qxa5+ Kd4 117. Qd8+ Ke4 118. Qe7+ Kf3 119. Qf6+ Qf4+ 0-1

[Event "World Rapid 2022"]
[Site "Almaty KAZ"]
[Date "2022.12.27"]
[Round "6.75"]
[White "Begmuratov, Khumoyun"]
[Black "Saraci, Nderim"]
[Result "1/2-1/2"]
[WhiteTitle "FM"]
[BlackTitle "IM"]
[WhiteElo "2399"]
[BlackElo "2468"]
[WhiteFideId "14210207"]
[BlackFideId "6351921"]
[EventDate "2022.12.26"]

1. e4 c5 2. Nc3 Nc6 3. Bb5 g6 4. Bxc6 dxc6 5. d3 Bg7 6. Be3 Qd6 7. Qd2 e5 8. f4
exf4 9. Bxf4 Qe7 10. Nf3 Nf6 11. Bh6 O-O 12. O-O Bxh6 13. Qxh6 Ng4 14. Qf4 f6
15. h3 Ne5 16. Rf2 Nxf3+ 17. Rxf3 Qe5 18. Raf1 Be6 19. Qe3 Rad8 20. a4 a5 21.
Kh1 Rd7 22. Qf4 Qd4 23. Qc1 Qe5 24. Ne2 Rdf7 25. b3 f5 26. Qg5 Qd6 27. Ng3 Qd7
28. Rf4 b6 29. h4 fxe4 30. Nxe4 Rxf4 31. Rxf4 Rxf4 32. Qxf4 Qe7 33. Qb8+ Qf8 34.
Qe5 Qf1+ 35. Kh2 Bd5 36. Nf6+ Kf7 37. Nxd5 cxd5 38. Qxd5+ Ke7 39. Qb7+ Ke8 40.
Qe4+ Kd7 41. c4 Qf2 42. Kh3 Qc2 43. Qb7+ Ke8 44. Qxb6 Qxd3+ 45. Kh2 Qe3 46. Qc6+
Ke7 47. Qc7+ Ke6 48. Qg3 Qe5 49. Kh3 Qd4 50. Qe1+ Kf5 51. Qxa5 Qg4+ 52. Kh2
Qxh4+ 53. Kg1 Qd4+ 54. Kf1 Qd3+ 55. Kf2 Qd4+ 56. Ke2 Qe4+ 57. Kd1 Qb1+ 58. Ke2
Qe4+ 59. Kf1 Qd3+ 60. Kg1 Qe3+ 61. Kh2 Qh6+ 62. Kg1 Qe3+ 63. Kf1 Qd3+ 64. Kf2
Qd4+ 65. Ke2 Qe4+ 66. Kd2 Qxg2+ 67. Kc1 Qg1+ 68. Kc2 h5 69. Qd2 h4 70. a5 Qa1
71. Qd5+ Kf4 72. Qxc5 h3 73. Qd6+ Qe5 74. Qd2+ Kf5 75. a6 h2 76. Qf2+ Ke6 77.
Qg2 Qf5+ 78. Kb2 Qe5+ 79. Ka2 Qa5+ 80. Kb2 Qe5+ 81. Kc2 Qf5+ 82. Kc3 Qa5+ 83.
Kd3 Qf5+ 84. Ke3 Qe5+ 85. Kd3 Qf5+ 86. Kc3 Qa5+ 87. Kb2 Qe5+ 88. Kc2 Qf5+ 89.
Kb2 Qe5+ 90. Kc2 Qf5+ 91. Kc1 Qf4+ 92. Kd1 Qd4+ 93. Kc2 Qg1 94. Qe4+ Kf6 95.
Qf4+ Kg7 96. Qe5+ Kh6 97. Qh8+ Kg5 98. Qe5+ Kg4 99. Qe4+ Kh5 100. Qf3+ Kh6 101.
Qf4+ g5 102. Qf6+ Kh5 103. Qf3+ Kh4 104. Qe4+ Kg3 105. Qe5+ Kh4 106. Qe4+ Qg4
107. Qh7+ Qh5 108. Qe4+ Qg4 109. Qe1+ Qg3 110. Qh1 Qf2+ 111. Kc3 Qg1 112. Qe4+
g4 113. Qh7+ Kg3 114. Qd3+ Kf4 115. Qd6+ Kf5 116. Qd5+ Kf6 117. Qd6+ Kg5 118.
Qe7+ Kf4 119. Qd6+ Kf5 120. Qd5+ Kf4 121. Qd6+ Kf3 122. a7 Qa1+ 123. Kb4 h1=Q
124. Qd3+ Kf4 125. Qd2+ Ke5 126. Qg5+ Ke6 127. Qxg4+ Ke7 128. Qe2+ Kd7 129. Qg4+
Kc7 130. Qf4+ Kc6 131. Qf6+ Qxf6 132. a8=Q+ Kc7 133. Qxh1 Qb6+ 134. Ka3 Qa5+
135. Kb2 Qd2+ 136. Ka1 Qd4+ 137. Ka2 Qd2+ 138. Kb1 Qd3+ 139. Kb2 Qd2+ 140. Ka1
Qd4+ 141. Kb1 Qd3+ 142. Ka2 Qd2+ 143. Ka3 Qa5+ 1/2-1/2

[Event "World Rapid 2022"]
[Site "Almaty KAZ"]
[Date "2022.12.27"]
[Round "6.76"]
[White "Khusnutdinov, Rustam"]
[Black "Damjanovic, Vuk"]
[Result "1-0"]
[WhiteTitle "GM"]
[BlackTitle "FM"]
[WhiteElo "2441"]
[BlackElo "2361"]
[WhiteFideId "13701703"]
[BlackFideId "980021"]
[EventDate "2022.12.26"]

1. d4 Nf6 2. c4 c5 3. d5 b5 4. Qc2 g6 5. e4 d6 6. cxb5 a6 7. Nc3 Bg7 8. Nf3 O-O
9. a4 Nbd7 10. Ra3 axb5 11. Bxb5 Ba6 12. O-O Ne8 13. Bxa6 Rxa6 14. Nb5 Nc7 15.
Nxc7 Qxc7 16. b4 Rb8 17. b5 Raa8 18. Nd2 Ne5 19. Bb2 c4 20. Bxe5 Bxe5 21. Qxc4
Qa5 22. Qd3 Qb4 23. Rb1 Qc5 24. Nc4 Bd4 25. Ra2 Rc8 26. Ne3 Rcb8 27. Rc2 Qa7 28.
Rc4 Bc5 29. Qc3 h5 30. Qd2 Qc7 31. Rbc1 Ra7 32. Nd1 Rba8 33. Qc2 Qb6 34. Nb2 Ba3
35. Rc8+ Kh7 36. Rxa8 Rxa8 37. Nc4 Qc5 38. Rb1 Bb4 39. Qb3 Ba5 40. b6 Bxb6 41.
Nxb6 Rb8 42. h3 Rb7 43. Qb4 Qc2 44. a5 Ra7 45. Ra1 Qe2 46. Qd4 Qb5 47. Qc3 Qe2
48. Qc4 Qb2 49. Ra2 Qb1+ 50. Kh2 Qe1 51. a6 Qb1 52. Nc8 Ra8 53. Nxe7 Ra7 54. Nc6
Ra8 55. a7 h4 56. e5 dxe5 57. Qxh4+ Kg7 58. Re2 f6 59. Qb4 Qxb4 60. Nxb4 Rxa7
61. Rd2 Rd7 62. Na6 Rd6 63. Nc5 f5 64. Nb7 Rd7 65. d6 Kf6 66. Nc5 Rd8 67. d7 Ke7
68. Rd5 e4 69. Kg3 Rf8 70. Kf4 g5+ 71. Kxg5 f4 72. d8=Q+ Rxd8 73. Rxd8 Kxd8 74.
Nxe4 1-0

[Event "World Rapid 2022"]
[Site "Almaty KAZ"]
[Date "2022.12.27"]
[Round "6.77"]
[White "Averin, Nikolay"]
[Black "Arjun, Kalyan"]
[Result "1-0"]
[WhiteTitle "FM"]
[BlackTitle "GM"]
[WhiteElo "2342"]
[BlackElo "2505"]
[WhiteFideId "24250473"]
[BlackFideId "35018701"]
[EventDate "2022.12.26"]

1. e4 c5 2. Nf3 d6 3. d4 cxd4 4. Nxd4 Nf6 5. Nc3 Nc6 6. Bg5 e6 7. Qd2 a6 8.
O-O-O Be7 9. f4 Bd7 10. Nf3 b5 11. Bxf6 gxf6 12. Bd3 b4 13. Ne2 a5 14. f5 a4 15.
Nf4 b3 16. cxb3 axb3 17. a3 Qb6 18. Kb1 Ne5 19. Nh5 Rg8 20. Nf4 Bf8 21. Nh5 Be7
22. Nf4 Ra5 23. Rhe1 Bd8 24. Qe2 Ra4 25. g3 Ke7 26. Nd2 Bc6 27. Nc4 Qb8 28. Rc1
Ba8 29. Rc3 Qb7 30. Nd2 Ba5 31. Rxb3 Qa7 32. Rc1 Nxd3 33. Nxd3 Bxd2 34. Qxd2
Bxe4 35. fxe6 Rd4 36. exf7 Rb8 37. Rbc3 Rxd3 38. Rxd3 Qxa3 39. Rc7+ Ke6 40.
f8=N+ Kf5 41. Qf4# 1-0

[Event "World Rapid 2022"]
[Site "Almaty KAZ"]
[Date "2022.12.27"]
[Round "6.78"]
[White "Munkhgal, Gombosuren"]
[Black "Mamedov, Edgar"]
[Result "1-0"]
[WhiteTitle "GM"]
[BlackTitle "FM"]
[WhiteElo "2463"]
[BlackElo "2283"]
[WhiteFideId "4901266"]
[BlackFideId "13739980"]
[EventDate "2022.12.26"]

1. d4 d5 2. c4 c6 3. Nf3 Nf6 4. g3 Bf5 5. Nc3 e6 6. Qb3 Qb6 7. c5 Qc7 8. Nh4 Be4
9. f3 Bg6 10. Bf4 Qc8 11. e4 Be7 12. Bg2 O-O 13. Nxg6 hxg6 14. e5 Nh7 15. h4 Nd7
16. Rc1 b6 17. cxb6 axb6 18. Bf1 Qb7 19. Bd3 c5 20. Qc2 cxd4 21. h5 Rfc8 22.
hxg6 fxg6 23. Rxh7 Kxh7 24. Bxg6+ Kg8 25. Bh7+ Kf8 26. Qg6 Rc6 27. Bh6 Nxe5 28.
Bxg7# 1-0

[Event "World Rapid 2022"]
[Site "Almaty KAZ"]
[Date "2022.12.27"]
[Round "6.79"]
[White "Nurgaliyev, Sauat"]
[Black "Burmakin, Vladimir"]
[Result "0-1"]
[WhiteTitle "CM"]
[BlackTitle "GM"]
[WhiteElo "2150"]
[BlackElo "2498"]
[WhiteFideId "13726285"]
[BlackFideId "4105109"]
[EventDate "2022.12.26"]

1. e4 b6 2. Nc3 Bb7 3. g3 g6 4. Bg2 Bg7 5. Nge2 e6 6. O-O Ne7 7. d4 O-O 8. a4 a6
9. Be3 d5 10. Qd2 Nd7 11. exd5 exd5 12. Bh6 Nf6 13. Bxg7 Kxg7 14. a5 Nf5 15. Nf4
Re8 16. Rfe1 Qd6 17. Bh3 Ne7 18. Nd3 Nc6 19. axb6 Nxd4 20. Bg2 Ne4 21. Nxe4 dxe4
22. Qc3 cxb6 23. Ra4 Rad8 24. Nf4 Qf6 25. Qc7 Nf3+ 26. Bxf3 exf3 27. Rf1 Qc6 28.
Rc4 Qxc7 29. Rxc7 Be4 30. h4 Rc8 31. Rxc8 Rxc8 32. c3 Rd8 33. Re1 Bf5 34. Ra1 a5
35. b4 axb4 36. cxb4 h6 37. Ra6 g5 38. hxg5 hxg5 39. Nh5+ Kg6 40. g4 Bxg4 41.
Ng3 Rb8 42. Ne4 Bc8 43. Ra7 Be6 44. Ra3 g4 45. Kh2 Kf5 46. Ng3+ Kf4 47. Re3 Rh8+
48. Kg1 Rc8 49. Re4+ Kg5 50. Re5+ Kf6 51. Rb5 Rc6 52. Ne4+ Kg6 53. Rg5+ Kh6 54.
Rb5 f5 55. Nd2 Kg6 56. Nf1 f4 0-1

[Event "World Rapid 2022"]
[Site "Almaty KAZ"]
[Date "2022.12.27"]
[Round "6.80"]
[White "Petkov, Momchil"]
[Black "Suleimen, Ergali"]
[Result "1-0"]
[WhiteTitle "GM"]
[WhiteElo "2531"]
[BlackElo "2073"]
[WhiteFideId "2921642"]
[BlackFideId "13724452"]
[EventDate "2022.12.26"]

1. e4 c5 2. Nf3 Nc6 3. Bb5 g6 4. O-O Bg7 5. c3 Nf6 6. Re1 O-O 7. d4 d5 8. e5 Ne4
9. Be3 Qb6 10. Qe2 cxd4 11. cxd4 Bd7 12. a4 a6 13. Bd3 Nb4 14. a5 Qd8 15. Bxe4
dxe4 16. Ng5 Nc6 17. Nc3 Bf5 18. Red1 Nxa5 19. Ngxe4 b6 20. f4 Qd7 21. h3 Bxe4
22. Nxe4 e6 23. Bf2 Qd5 24. Rac1 Rfd8 25. Rc7 Rac8 26. Rdc1 Rxc7 27. Rxc7 Nc6
28. Nc3 Nxd4 29. Qd3 Qa5 30. Bxd4 b5 31. Rc6 Qa1+ 32. Kh2 Bh6 33. Ne2 Qf1 34.
Qf3 Qd1 35. Rd6 Rc8 36. f5 gxf5 1-0

[Event "World Rapid 2022"]
[Site "Almaty KAZ"]
[Date "2022.12.27"]
[Round "6.81"]
[White "Suyarov, Mukhammadzokhid"]
[Black "Tang, Andrew"]
[Result "1-0"]
[WhiteTitle "FM"]
[BlackTitle "GM"]
[WhiteElo "2299"]
[BlackElo "2540"]
[WhiteFideId "14210495"]
[BlackFideId "2059630"]
[EventDate "2022.12.26"]

1. d4 d5 2. Nc3 Nf6 3. Bf4 e6 4. Nb5 Na6 5. e3 Be7 6. Nf3 O-O 7. Be2 b6 8. O-O
Bb7 9. a4 Ne4 10. Nd2 Nd6 11. c4 dxc4 12. Nxc4 Nxc4 13. Bxc4 c5 14. Qg4 Bd5 15.
Bxd5 Qxd5 16. Rfd1 cxd4 17. Rxd4 Qb3 18. Be5 f6 19. Rd7 Rf7 20. Bc3 Nc5 21. Qf3
Rc8 22. Rxa7 e5 23. Ra8 Rff8 24. Rxc8 Rxc8 25. Na7 Rc7 26. Nb5 Rd7 27. h3 Rd8
28. Qg4 Bf8 29. Qb4 Qxb4 30. Bxb4 Nb3 31. Ra3 Rd1+ 32. Kh2 Nd2 33. Bxf8 Nf1+ 34.
Kg1 Nxe3+ 35. Kh2 Nf1+ 36. Kg1 Nd2+ 37. Kh2 Kxf8 38. Rc3 h5 39. g3 Rb1 40. Rc8+
Kf7 41. Kg2 e4 42. Nd4 Rxb2 43. Rc7+ Kg8 44. Nf5 g5 45. Rg7+ Kf8 46. Rb7 Nf3 47.
Rb8+ Kf7 48. Nd6+ Ke6 49. Nxe4 g4 50. hxg4 hxg4 51. a5 Ke5 52. Rxb6 Ra2 53. Nxf6
Kf5 54. Nxg4 Ne1+ 55. Kh3 Rxa5 56. Rf6+ Ke4 57. Re6+ Kf3 58. Re3# 1-0

[Event "World Rapid 2022"]
[Site "Almaty KAZ"]
[Date "2022.12.27"]
[Round "6.82"]
[White "Hovhannisyan, Robert"]
[Black "Shishkov, Andrei"]
[Result "1-0"]
[WhiteTitle "GM"]
[BlackTitle "IM"]
[WhiteElo "2597"]
[BlackElo "2340"]
[WhiteFideId "13302507"]
[BlackFideId "4500563"]
[EventDate "2022.12.26"]

1. e4 c6 2. d4 d5 3. exd5 cxd5 4. Nf3 Nc6 5. c3 Bg4 6. h3 Bxf3 7. Qxf3 e6 8. Bd3
Nf6 9. O-O Bd6 10. Bg5 h6 11. Bh4 Qe7 12. a4 O-O-O 13. a5 g5 14. Bg3 e5 15. dxe5
Nxe5 16. Qf5+ Kb8 17. a6 Nxd3 18. Qxd3 Bxg3 19. fxg3 b6 20. Nd2 Ne4 21. Rae1
Qc5+ 22. Kh2 Nxd2 23. Qxd2 Rd7 24. Rf5 Qc4 25. Qe3 Rhd8 26. Qe5+ Kc8 27. Qg7
Qxa6 28. Rxf7 Qb5 29. Rxd7 Rxd7 30. Qxh6 Qxb2 31. Qc6+ Kd8 32. Re6 Qa3 33. Qa8+ 1-0

[Event "World Rapid 2022"]
[Site "Almaty KAZ"]
[Date "2022.12.27"]
[Round "6.83"]
[White "Batsuren, Dambasuren"]
[Black "Degenbaev, Aziz"]
[Result "1/2-1/2"]
[WhiteTitle "GM"]
[WhiteElo "2525"]
[BlackElo "2139"]
[WhiteFideId "4902920"]
[BlackFideId "13802640"]
[EventDate "2022.12.26"]

1. d4 Nf6 2. c4 c5 3. d5 b5 4. Nf3 g6 5. cxb5 a6 6. e3 Bb7 7. Nc3 Qa5 8. Bd2 Bg7
9. a4 O-O 10. Bc4 axb5 11. Nxb5 Qd8 12. Nc3 e6 13. dxe6 fxe6 14. O-O d5 15. Ba2
Qe7 16. Rc1 Nbd7 17. Re1 Kh8 18. Bb1 Ne4 19. Rc2 Rf7 20. Bc1 Raf8 21. Nxe4 dxe4
22. Nd2 Ne5 23. Rf1 Qh4 24. h3 Nf3+ 25. Kh1 Rf5 26. Rc4 Bd5 27. Rxe4 Bxe4 28.
Nxe4 Ng5 29. Nxg5 Rxg5 30. e4 Rh5 31. Be3 Be5 32. Kg1 Qe7 33. f4 Bxb2 34. Qd2
Bg7 35. e5 g5 36. Qd1 Rh4 37. g3 gxf4 38. Bxf4 Rhxf4 39. Rxf4 Bxe5 40. Rxf8+
Qxf8 41. Kg2 Bd4 42. Qc2 Qa8+ 43. Kh2 Qa7 44. a5 Kg8 45. Qa2 Qa6 46. Be4 Kg7 47.
h4 Bc3 48. Bxh7 Qxa5 49. Qc2 Kf6 50. h5 Bd4 51. Be4 Qe1 52. Bg2 Qg1+ 53. Kh3 Qe3
54. Qg6+ Ke7 55. h6 c4 56. h7 Qe5 57. Be4 c3 58. Kg2 Qf6 59. Qxf6+ Bxf6 1/2-1/2

[Event "World Rapid 2022"]
[Site "Almaty KAZ"]
[Date "2022.12.27"]
[Round "6.84"]
[White "Tulendinov, Dinmukhammed"]
[Black "Kostenko, Petr"]
[Result "0-1"]
[WhiteTitle "CM"]
[BlackTitle "GM"]
[WhiteElo "1948"]
[BlackElo "2374"]
[WhiteFideId "13730860"]
[BlackFideId "13700669"]
[EventDate "2022.12.26"]

1. e4 c6 2. c4 d5 3. cxd5 cxd5 4. exd5 Nf6 5. Qa4+ Nbd7 6. Nc3 g6 7. Bc4 Bg7 8.
d3 O-O 9. Nf3 a6 10. Qa3 b6 11. O-O Bb7 12. Re1 Re8 13. Be3 Rc8 14. Bb3 Bf8 15.
Qb4 e6 16. Qf4 exd5 17. Bd4 Bg7 18. Rxe8+ Qxe8 19. Re1 Qd8 20. Ne5 Nc5 21. Qe3
Qd6 22. Qg3 Re8 23. Nf3 Rxe1+ 24. Nxe1 Qd8 25. h3 Ne6 26. Be5 Nh5 27. Qh2 Bh6
28. Ne2 b5 29. Nf3 Nc5 30. g4 Ng7 31. d4 Nxb3 32. axb3 Ne6 33. h4 Bf8 34. g5 0-1

[Event "World Rapid 2022"]
[Site "Almaty KAZ"]
[Date "2022.12.27"]
[Round "6.85"]
[White "Gurel, Ediz"]
[Black "Nissinen, Niilo Man"]
[Result "1-0"]
[WhiteTitle "IM"]
[BlackTitle "CM"]
[WhiteElo "2454"]
[BlackElo "1996"]
[WhiteFideId "44507356"]
[BlackFideId "30950767"]
[EventDate "2022.12.26"]

1. e4 c5 2. Nf3 Nc6 3. d4 cxd4 4. Nxd4 Nf6 5. Nc3 e5 6. Ndb5 d6 7. Bg5 a6 8. Na3
b5 9. Nd5 Be7 10. Bxf6 Bxf6 11. c4 b4 12. Nc2 a5 13. Qf3 O-O 14. Rd1 Be7 15. c5
Be6 16. Bb5 Na7 17. Ba4 dxc5 18. Nce3 Bg5 19. Nc4 Qb8 20. Ncb6 Bxd5 21. Nd7 Qb7
22. Rxd5 Rfd8 23. O-O Nc6 24. Bxc6 Qxc6 25. Nxe5 Qe6 26. Nc4 Rxd5 27. exd5 Qf6
28. Qe4 Qd4 29. Qe2 Qxd5 30. Nb6 Qb7 31. Nxa8 Qxa8 32. Qb5 g6 33. Qxc5 Bf6 34.
b3 Bc3 35. Rd1 a4 36. Qe7 Kg7 37. Rd8 Qa5 38. Qf8+ Kf6 39. Rd6+ Ke5 40. Qe7+ Kf5
41. Qxf7+ Ke4 42. Qc4+ Ke5 43. Qe6+ 1-0

[Event "World Rapid 2022"]
[Site "Almaty KAZ"]
[Date "2022.12.27"]
[Round "6.86"]
[White "Amangeldy, Ernur"]
[Black "Vetokhin, Savva"]
[Result "0-1"]
[BlackTitle "IM"]
[WhiteElo "2097"]
[BlackElo "2354"]
[WhiteFideId "13720244"]
[BlackFideId "44144474"]
[EventDate "2022.12.26"]

1. d4 Nf6 2. c4 e6 3. Nf3 d5 4. Nc3 dxc4 5. g3 c5 6. Qa4+ Nc6 7. dxc5 Bxc5 8.
Bg2 Bb4 9. Ne5 Bd7 10. Nxc6 Bxc3+ 11. bxc3 bxc6 12. Ba3 c5 13. Qxc4 Rc8 14. O-O
Qa5 15. Bc1 O-O 16. a4 Bc6 17. Bxc6 Rxc6 18. e4 Nd7 19. Bf4 e5 20. Be3 Qc7 21.
Rfd1 Rd6 22. a5 Rc8 23. Rab1 h5 24. Rxd6 Qxd6 25. Rb7 Rc7 26. Rxc7 Qxc7 27. Qd5
h4 28. Kg2 Nf6 29. Qa8+ Kh7 30. gxh4 Qxa5 31. Qc8 Qa4 32. Qf5+ Kg8 33. f3 Nd7
34. Bxc5 a5 35. Bf2 Qc6 36. Qg5 a4 37. Qd8+ Kh7 38. Qa5 f6 39. Qb4 Qa6 40. Qe7
a3 41. Qf7 a2 42. Qh5+ Kg8 43. Qe8+ Nf8 44. Bc5 a1=Q 45. Qxf8+ Kh7 46. Bf2 Q1f1+
47. Kg3 Qae2 0-1

[Event "World Rapid 2022"]
[Site "Almaty KAZ"]
[Date "2022.12.27"]
[Round "6.87"]
[White "Postlmayer, Jakob"]
[Black "Haldorsen, Benjamin"]
[Result "1/2-1/2"]
[WhiteTitle "FM"]
[BlackTitle "IM"]
[WhiteElo "2314"]
[BlackElo "2449"]
[WhiteFideId "1643622"]
[BlackFideId "1512633"]
[EventDate "2022.12.26"]

1. d4 g6 2. e4 d6 3. Nc3 a6 4. f4 b5 5. a3 Nd7 6. Nf3 c5 7. Be3 Bg7 8. dxc5 Nxc5
9. e5 Bb7 10. exd6 exd6 11. Qe2 Qe7 12. O-O-O Nf6 13. Bd4 Qxe2 14. Bxe2 O-O 15.
Rhe1 Rfe8 16. f5 Re7 17. fxg6 hxg6 18. Bf1 Rxe1 19. Rxe1 Ne6 20. Be3 Ng4 21. Bd2
Ne5 22. Ng5 Nd4 23. Nge4 d5 24. Nc5 Bc6 25. Nd3 Nc4 26. Nb4 Nxd2 27. Kxd2 Bd7
28. Kc1 a5 29. Nbxd5 b4 30. Nb6 Ra7 31. Nxd7 Rxd7 32. Nb5 Bh6+ 33. Kb1 Nf5 34.
axb4 axb4 35. Bd3 Ne3 36. Re2 b3 37. Nc3 Kg7 38. Ne4 Rd5 39. Nf2 Nxg2 40. cxb3
Nf4 41. Bc4 Rd7 42. Rc2 Ng2 43. Ng4 Ne1 44. Re2 Bd2 45. Ne5 Re7 46. Rxd2 Rxe5
47. Re2 Rxe2 48. Bxe2 Kf6 49. b4 Ke5 50. Kc1 Kd4 51. Kd2 Ng2 52. b5 Kc5 53. b4+
Kd6 54. b6 Nh4 55. Bb5 Nf3+ 56. Ke3 Nxh2 57. Be8 Ng4+ 58. Kf4 Nh6 59. Kg5 Nf5
60. Bxf7 Kc6 61. Bxg6 Nd4 62. Bd3 Kxb6 63. Kf4 1/2-1/2